[Event "EU-ch 24th"]
[Site "Petrovac"]
[Date "2024.11.17"]
[Round "9"]
[White "Tarhan, Adar"]
[Black "Baltag, Iulian"]
[Result "1/2-1/2"]
[WhiteElo "2492"]
[BlackElo "2383"]
[PlyCount "87"]
[EventDate "2024.11.08"]
[EventType "swiss"]
[EventRounds "11"]
[EventCountry "MNE"]
[SourceTitle "CB47_2024"]
[SourceDate "2024.11.20"]
[SourceVersion "1"]
[SourceVersionDate "2024.11.20"]
[SourceQuality "1"]

1. e4 c5 2. Nf3 Nc6 3. Bb5 e6 4. 0-0 Nge7 5. Re1 a6 6. Bf1 d5 7. exd5 Qxd5 8. b3 Nf5 9. Bb2 Be7 10. g3 0-0 11. Bg2 Qd8 12. Nc3 Rb8 13. Ne4 b6 14. c3 Bb7 15. Qe2 Nd6 16. Nxd6 Qxd6 17. Rad1 Rfd8 18. d4 cxd4 19. Nxd4 Nxd4 20. Rxd4 Qc7 21. Rc4 Qd7 22. Rd4 Qc7 23. Rc4 Qd7 24. Bxb7 Qxb7 25. Rg4 Bf6 26. c4 Qe7 27. Bxf6 Qxf6 28. Rf4 Qc3 29. Rxf7 Kxf7 30. Qxe6+ Kf8 31. Re5 Qc1+ 32. Kg2 g6 33. Qf6+ Kg8 34. Re7 Qh6 35. c5 bxc5 36. Qe6+ Kh8 37. Qe5+ Kg8 38. Qe6+ Kh8 39. Qf6+ Kg8 40. g4 Qf8 41. Qe6+ Kh8 42. Qe5+ Kg8 43. Qe6+ Kh8 44. Qe5+ 1/2-1/2

[Event "EU-ch 24th"]
[Site "Petrovac"]
[Date "2024.11.15"]
[Round "7"]
[White "Kochavi, Dana"]
[Black "Baltag, Iulian"]
[Result "1/2-1/2"]
[WhiteElo "2166"]
[BlackElo "2383"]
[PlyCount "26"]
[EventDate "2024.11.08"]
[EventType "swiss"]
[EventRounds "11"]
[EventCountry "MNE"]
[SourceTitle "CB47_2024"]
[SourceDate "2024.11.20"]
[SourceVersion "1"]
[SourceVersionDate "2024.11.20"]
[SourceQuality "1"]

1. e4 d5 2. exd5 Qxd5 3. Nc3 Qd6 4. g3 e5 5. Bg2 Nc6 6. Nb5 Qd8 7. Nf3 a6 8. Nc3 Nf6 9. 0-0 Bd6 10. d4 0-0 11. Bg5 h6 12. Bxf6 Qxf6 13. Ne4 Qg6 1/2-1/2

[Event "EU-ch 24th"]
[Site "Petrovac"]
[Date "2024.11.13"]
[Round "6"]
[White "Baltag, Iulian"]
[Black "Scekic, Veljko"]
[Result "1-0"]
[WhiteElo "2383"]
[BlackElo "2199"]
[PlyCount "73"]
[EventDate "2024.11.08"]
[EventType "swiss"]
[EventRounds "11"]
[EventCountry "MNE"]
[SourceTitle "CB47_2024"]
[SourceDate "2024.11.20"]
[SourceVersion "1"]
[SourceVersionDate "2024.11.20"]
[SourceQuality "1"]

1. d4 Nf6 2. c4 e6 3. Nc3 Bb4 4. e3 0-0 5. Nge2 d5 6. a3 Be7 7. Nf4 dxc4 8. Bxc4 c5 9. 0-0 cxd4 10. exd4 Nbd7 11. Ba2 Nb6 12. Re1 Bd6 13. Qf3 Bxf4 14. Bxf4 Nfd5 15. Be5 Nxc3 16. bxc3 Nd5 17. c4 Ne7 18. d5 Ng6 19. Bg3 exd5 20. cxd5 Bd7 21. Rab1 b5 22. d6 a5 23. Rbc1 Rc8 24. Rc7 Rxc7 25. dxc7 Qf6 26. Qxf6 gxf6 27. Rd1 Bc8 28. Bd6 Re8 29. Bc5 Kg7 30. h4 h5 31. Rd8 Rg8 32. g3 Rh8 33. Bd5 Rg8 34. f4 Rh8 35. Kf2 b4 36. axb4 axb4 37. Bxb4 1-0

[Event "Kishinev Svetushkin Cup"]
[Site "Kishinev"]
[Date "2024.08.01"]
[Round "7"]
[White "Baltag, Iulian"]
[Black "Petkov, Momchil"]
[Result "0-1"]
[WhiteElo "2396"]
[BlackElo "2497"]
[PlyCount "146"]
[EventDate "2024.07.28"]
[EventType "tourn"]
[EventRounds "9"]
[EventCountry "MDA"]
[EventCategory "9"]
[SourceTitle "CBM 221 Extra"]
[Source "ChessBase"]
[SourceDate "2024.09.30"]
[SourceVersion "1"]
[SourceVersionDate "2024.09.30"]
[SourceQuality "1"]

1. e4 c5 2. Nf3 d6 3. d4 cxd4 4. Nxd4 Nf6 5. Nc3 Nc6 6. Bg5 Bd7 7. Qd2 a6 8. 0-0-0 e6 9. f3 Be7 10. Kb1 Qc7 11. h4 h6 12. Be3 b5 13. Nxc6 Bxc6 14. Ne2 Nd7 15. Nd4 Bb7 16. g4 d5 17. exd5 Bxd5 18. Nf5 Ne5 19. Nxg7+ Kf8 20. Bxh6 Kg8 21. Be2 Rxh6 22. Qxh6 Bf8 23. Qg5 Bxg7 24. h5 f6 25. Qe3 Rc8 26. h6 Bf8 27. c3 Nc4 28. Qd4 Qe5 29. Qd3 Kh8 30. Rh5 Qf4 31. Rxd5 exd5 32. Qxd5 Bxh6 33. Qe6 Rb8 34. Rh1 Ne5 35. a3 Kg7 36. Qxa6 Qe3 37. Bxb5 Qxf3 38. Rf1 Qe4+ 39. Ka1 Bg5 40. a4 Qg2 41. Rb1 Ra8 42. Qe6 Qb7 43. c4 Nf3 44. Rd1 Nd2 45. Qd6 Nb3+ 46. Ka2 Nc1+ 47. Ka1 Ra7 48. Qa3 Qe4 49. Qc3 Ne2 50. Qd3 Qxg4 51. Rh1 f5 52. c5 Nd4 53. Kb1 Qe4 54. Rd1 Qxd3+ 55. Rxd3 Bf6 56. Be8 Kf8 57. Bb5 f4 58. b3 Nxb5 59. axb5 Ra1+ 60. Kc2 Ra5 61. b4 Rxb5 62. Kb3 Ke7 63. Kc4 Rb8 64. b5 Be5 65. b6 Rf8 66. Rf3 Ke6 67. Kb5 Kd5 68. c6 Rb8 69. Rd3+ Ke4 70. Rd1 Bc7 71. Re1+ Kd3 72. b7 f3 73. Re7 f2 0-1

[Event "TUR-chT 1st League"]
[Site "Denizli"]
[Date "2024.07.19"]
[Round "7.37"]
[White "Abdurakhmanov, Mukhmmadali"]
[Black "Baltag, Iulian"]
[Result "1/2-1/2"]
[WhiteElo "2405"]
[BlackElo "2396"]
[PlyCount "103"]
[EventDate "2024.07.15"]
[EventType "team-swiss"]
[EventRounds "9"]
[EventCountry "TUR"]
[SourceTitle "EXT 2025"]
[Source "ChessBase"]
[SourceDate "2024.10.14"]
[SourceVersion "1"]
[SourceVersionDate "2024.10.14"]
[SourceQuality "1"]
[WhiteTeam "Mavisehir Altyapi"]
[BlackTeam "Samandag Altin"]
[WhiteTeamCountry "TUR"]
[BlackTeamCountry "TUR"]

1. d4 d5 2. c4 e6 3. Nf3 c6 4. Qc2 Bd6 5. Bg5 Be7 6. Bxe7 Qxe7 7. e3 Nd7 8. Nc3 Ngf6 9. cxd5 exd5 10. Bd3 0-0 11. 0-0 Re8 12. Rab1 a5 13. Nd2 Nb6 14. Nb3 h6 15. a3 Be6 16. Nc5 Nbd7 17. Nb3 a4 18. Nd2 Nb6 19. Rbc1 Qd6 20. Rfe1 Nfd7 21. Qd1 Ra5 22. Bc2 Rea8 23. Ne2 Nf6 24. Nf4 Re8 25. Bd3 Bd7 26. Qc2 Raa8 27. Qc5 Nc8 28. Nf3 Qxc5 29. dxc5 Ne7 30. Nd4 Ng4 31. f3 Ne5 32. Bf1 Nf5 33. Kf2 f6 34. Rc3 Kf7 35. Nfe2 Ne7 36. Nc1 b6 37. cxb6 Reb8 38. f4 Ng4+ 39. Kg1 f5 40. Nd3 Rxb6 41. Nc2 Be8 42. Ncb4 Nf6 43. Rec1 Ne4 44. R3c2 Ke6 45. Be2 Kd6 46. Bf3 Ra5 47. Bxe4 fxe4 48. Ne5 Rab5 49. Rd2 Ke6 50. Rdc2 Kd6 51. Rd2 Ke6 52. Rdc2 1/2-1/2

[Event "TUR-chT 1st League"]
[Site "Denizli"]
[Date "2024.07.17"]
[Round "4.49"]
[White "Baltag, Iulian"]
[Black "Atabayev, Saparmyrat"]
[Result "0-1"]
[WhiteElo "2396"]
[BlackElo "2503"]
[PlyCount "89"]
[EventDate "2024.07.15"]
[EventType "team-swiss"]
[EventRounds "9"]
[EventCountry "TUR"]
[SourceTitle "EXT 2025"]
[Source "ChessBase"]
[SourceDate "2024.10.14"]
[SourceVersion "1"]
[SourceVersionDate "2024.10.14"]
[SourceQuality "1"]
[WhiteTeam "Samandag Altin"]
[BlackTeam "Dogru Hamle Genclik"]
[WhiteTeamCountry "TUR"]
[BlackTeamCountry "TUR"]

1. e4 c5 2. Nf3 d6 3. Bb5+ Nd7 4. Ba4 Ngf6 5. d3 Qa5+ 6. c3 b5 7. Bc2 Bb7 8. Nbd2 Rc8 9. 0-0 e5 10. Re1 Qc7 11. a4 a6 12. Nf1 g6 13. Re2 Bg7 14. d4 0-0 15. d5 c4 16. Ng3 Nc5 17. h3 Rb8 18. Be3 Bc8 19. axb5 axb5 20. Nd2 Re8 21. Re1 Nfd7 22. Ne2 Nb6 23. b3 cxb3 24. Nxb3 Nca4 25. Qb1 Bd7 26. Bd3 Rec8 27. Nd2 Kh8 28. Qc2 b4 29. c4 Nc5 30. Bxc5 dxc5 31. Nb3 Ra8 32. Qb2 f5 33. f3 Rxa1 34. Rxa1 fxe4 35. fxe4 Nxd5 36. cxd5 c4 37. Bxc4 Qxc4 38. Ra7 Rd8 39. Ng3 h5 40. Na5 Qd3 41. Kh2 h4 42. Ne2 Qxe4 43. Rb7 Qxd5 44. Qxb4 Qe4 45. Qe7 0-1

[Event "Izmir Arena IM2"]
[Site "Izmir"]
[Date "2024.05.12"]
[Round "9"]
[White "Baltag, Iulian"]
[Black "Yalcinkaya, Efe"]
[Result "1/2-1/2"]
[WhiteElo "2418"]
[BlackElo "2029"]
[PlyCount "61"]
[EventDate "2024.05.08"]
[EventType "tourn"]
[EventRounds "10"]
[EventCountry "TUR"]
[SourceTitle "CBM 220 Extra"]
[Source "ChessBase"]
[SourceDate "2024.07.31"]
[SourceVersion "1"]
[SourceVersionDate "2024.07.31"]
[SourceQuality "1"]

1. e4 c5 2. Nc3 Nc6 3. Bb5 Nd4 4. Nf3 a6 5. Bd3 g6 6. a3 Bg7 7. b4 d6 8. h3 e6 9. Nxd4 cxd4 10. Ne2 d5 11. Ng3 Ne7 12. 0-0 0-0 13. f4 dxe4 14. Nxe4 Bd7 15. Bb2 Bc6 16. Qe2 Nf5 17. Qf2 Rc8 18. Rfe1 Ne3 19. Rab1 Nxg2 20. Qxg2 f5 21. Bc4 Bxe4 22. Bxe6+ Kh8 23. Rxe4 fxe4 24. Bxc8 Qxc8 25. Qxe4 Qxh3 26. Bxd4 Qg3+ 27. Kh1 Qh4+ 28. Kg2 Qg4+ 29. Kh1 Qxf4 30. Qxf4 Rxf4 31. Be3 1/2-1/2

[Event "Izmir Arena IM2"]
[Site "Izmir"]
[Date "2024.05.09"]
[Round "3"]
[White "Baltag, Iulian"]
[Black "Gur, Ali1"]
[Result "1-0"]
[WhiteElo "2418"]
[BlackElo "1899"]
[PlyCount "95"]
[EventDate "2024.05.08"]
[EventType "tourn"]
[EventRounds "10"]
[EventCountry "TUR"]
[SourceTitle "CBM 220 Extra"]
[Source "ChessBase"]
[SourceDate "2024.07.31"]
[SourceVersion "1"]
[SourceVersionDate "2024.07.31"]
[SourceQuality "1"]

1. e4 c5 2. Nc3 g6 3. d4 cxd4 4. Qxd4 Nf6 5. Nf3 Nc6 6. Qa4 d6 7. e5 dxe5 8. Nxe5 Bg7 9. Nxc6 bxc6 10. Qxc6+ Bd7 11. Qa6 0-0 12. Be2 Qc7 13. Qc4 Qd8 14. 0-0 Be6 15. Qh4 Rb8 16. Nb5 a6 17. Nd4 Qb6 18. Nxe6 fxe6 19. c4 Nd7 20. Rb1 Bd4 21. Bh6 Rf7 22. b4 e5 23. Bd3 Nf6 24. a3 Qe6 25. h3 Nh5 26. c5 Nf4 27. Bc2 Qc6 28. Bxf4 Rxf4 29. Qxe7 Rbf8 30. Bb3+ Kh8 31. Kh1 Qe4 32. Qe6 R4f6 33. f3 Qf4 34. Qd7 Qg3 35. Rbe1 g5 36. Bc4 h5 37. c6 g4 38. Bd3 R6f7 39. Qe6 gxh3 40. Qxh3 Qg5 41. Re4 Qd2 42. Bb1 Rg8 43. Ree1 Rgg7 44. f4 Kg8 45. fxe5 Bb6 46. Rd1 Qd4 47. Qc8+ Bd8 48. Qxd8+ 1-0

[Event "Izmir Arena IM2"]
[Site "Izmir"]
[Date "2024.05.09"]
[Round "4"]
[White "Yalcinkaya, Efe"]
[Black "Baltag, Iulian"]
[Result "1/2-1/2"]
[WhiteElo "2029"]
[BlackElo "2418"]
[PlyCount "79"]
[EventDate "2024.05.08"]
[EventType "tourn"]
[EventRounds "10"]
[EventCountry "TUR"]
[SourceTitle "CBM 220 Extra"]
[Source "ChessBase"]
[SourceDate "2024.07.31"]
[SourceVersion "1"]
[SourceVersionDate "2024.07.31"]
[SourceQuality "1"]

1. e4 d5 2. exd5 Qxd5 3. Nc3 Qd6 4. d4 Nf6 5. Nf3 g6 6. g3 Bg7 7. Bg2 Qa6 8. Bf4 c6 9. Qd2 Be6 10. b3 0-0 11. Bf1 Qa5 12. Bg2 c5 13. 0-0 Rd8 14. Na4 Qxd2 15. Nxd2 Bd5 16. Nxc5 Bxg2 17. Kxg2 b6 18. Nd3 Rxd4 19. Nf3 Rd8 20. Rad1 Nc6 21. Rfe1 Nd5 22. Bd2 Nc3 23. Bxc3 Bxc3 24. Re4 b5 25. Rf1 Rac8 26. g4 f6 27. g5 Kf7 28. h4 Rd5 29. Nf4 Rd6 30. h5 e5 31. hxg6+ hxg6 32. Ne2 Nd4 33. Nfxd4 Bxd4 34. f4 Kg7 35. gxf6+ Rxf6 36. fxe5 Rxf1 37. Kxf1 Bb2 38. e6 Kf6 39. c3 Re8 40. a4 1/2-1/2

[Event "Titled Tuesday intern op 09th Jan Late"]
[Site "Chess.com INT"]
[Date "2024.01.09"]
[Round "7"]
[White "Baltag, Iulian"]
[Black "Maksimovic, Bojan"]
[Result "0-1"]
[WhiteElo "2409"]
[BlackElo "2497"]
[PlyCount "76"]
[EventDate "2024.01.09"]
[EventType "swiss (blitz)"]
[EventRounds "11"]
[EventCountry "USA"]
[SourceTitle "EXT 2025"]
[Source "ChessBase"]
[SourceDate "2024.10.14"]
[SourceVersion "1"]
[SourceVersionDate "2024.10.14"]
[SourceQuality "1"]

1. e4 a6 2. d4 e6 3. Bd3 d5 4. e5 c5 5. c3 Bd7 6. Nf3 cxd4 7. cxd4 Bb5 8. Bxb5+ axb5 9. 0-0 Nc6 10. Qe2 Qb6 11. Be3 Nge7 12. Nbd2 Nf5 13. Nb3 Be7 14. g4 Nxe3 15. fxe3 0-0 16. h4 Ra4 17. g5 Na5 18. Nc1 Rc4 19. Nd3 Rfc8 20. b3 Rc2 21. Qe1 R8c3 22. Nf4 Nc6 23. h5 g6 24. Rf2 Rxf2 25. Qxf2 Qd8 26. Ne2 Rc2 27. Ne1 Rb2 28. hxg6 hxg6 29. Nd3 Rd2 30. Qe1 Rxd3 31. Nf4 Nb4 32. Nxd3 Nxd3 33. Qd2 Nb4 34. Qe2 Bxg5 35. Kg2 Qc7 36. a3 Nc2 37. Rc1 Nxe3+ 38. Qxe3 Qxc1 0-1

[Event "Titled Tuesday intern op 09th Jan Late"]
[Site "Chess.com INT"]
[Date "2024.01.09"]
[Round "8"]
[White "Garrido Diaz, Jose Antonio"]
[Black "Baltag, Iulian"]
[Result "0-1"]
[WhiteElo "2291"]
[BlackElo "2409"]
[PlyCount "54"]
[EventDate "2024.01.09"]
[EventType "swiss (blitz)"]
[EventRounds "11"]
[EventCountry "USA"]
[SourceTitle "EXT 2025"]
[Source "ChessBase"]
[SourceDate "2024.10.14"]
[SourceVersion "1"]
[SourceVersionDate "2024.10.14"]
[SourceQuality "1"]

1. d4 d5 2. c4 e5 3. dxe5 d4 4. Nf3 Nc6 5. e3 Bb4+ 6. Bd2 dxe3 7. fxe3 Bc5 8. Nc3 Bf5 9. Be2 Nge7 10. 0-0 0-0 11. Kh1 Bd3 12. Bxd3 Qxd3 13. Qe2 Rad8 14. Rad1 Ng6 15. Qxd3 Rxd3 16. Ne4 Bxe3 17. Ne1 Rd4 18. Bxe3 Rxd1 19. Nc3 Rdd8 20. Nd5 Ncxe5 21. b3 c6 22. Nc3 a6 23. Nc2 Rfe8 24. Na4 Ng4 25. Bb6 Rd2 26. Nd4 Rf2 27. Rxf2 Re1+ 0-1

[Event "Titled Tuesday intern op 09th Jan Late"]
[Site "Chess.com INT"]
[Date "2024.01.09"]
[Round "2"]
[White "Zubritskiy, Artyom"]
[Black "Baltag, Iulian"]
[Result "1-0"]
[WhiteElo "2468"]
[BlackElo "2409"]
[PlyCount "85"]
[EventDate "2024.01.09"]
[EventType "swiss (blitz)"]
[EventRounds "11"]
[EventCountry "USA"]
[SourceTitle "EXT 2025"]
[Source "ChessBase"]
[SourceDate "2024.10.14"]
[SourceVersion "1"]
[SourceVersionDate "2024.10.14"]
[SourceQuality "1"]

1. e4 c5 2. d4 cxd4 3. c3 d3 4. c4 Nc6 5. Nc3 g6 6. Bxd3 Bg7 7. Nf3 d6 8. h3 Nf6 9. 0-0 0-0 10. Be3 Be6 11. Rc1 h6 12. Qe2 Nd7 13. Nd5 Nde5 14. Nxe5 Nxe5 15. Bb1 Nc6 16. Qd2 Kh7 17. f4 f5 18. Rfe1 fxe4 19. Bxe4 Bf5 20. Bf3 e5 21. b4 e4 22. Be2 Ne7 23. Red1 Nc6 24. b5 Nb8 25. Nb4 Nd7 26. Qxd6 Rf7 27. c5 Qa5 28. Qd2 Be6 29. c6 bxc6 30. Nxc6 Qxd2 31. Rxd2 Nf6 32. Nd8 Rxd8 33. Rxd8 Nd5 34. Rxd5 Bxd5 35. a4 Rd7 36. Rd1 Bf6 37. a5 Be6 38. Rxd7+ Bxd7 39. Bxa7 Bc3 40. a6 g5 41. fxg5 hxg5 42. Be3 Kg6 43. a7 1-0